000 00689cab a2200217 4500
001 X1078
008 090401t1993 xxu||||| |||| 00| 0 eng d
035 _a(Sirsi) u14582
041 _aeng
245 _aLeasehold enfranchisement provisions operative from November
260 _c1993
350 _a0
490 _aCS Monthly : General Practice
_v3(2) October 1993, 2(1)
650 _aABOUT RICS-RICS MEMBERS
650 _aLEASEHOLD ENFRANCHISEMENT
650 _aLEASEHOLD REFORM, HOUSING AND URBAN DEVELOPMENT ACT 1993
650 _aVALUATIONS
690 _aPROPERTY-RESIDENTIAL PROPERTY-RESIDENTIAL LANDLORD AND TENANT-RESIDENTIAL TENANCIES
942 _n0
948 _c04/03/1997
999 _c9514
_d9514